| 000 | 00393 a2200169 4500 | ||
|---|---|---|---|
| 001 | 70674 | ||
| 020 | _a8532219012 | ||
| 040 | _cAnchieta - Itaigara | ||
| 100 | _aGuerra, Sônia dos Santos | ||
| 240 | 1 | 0 |
_aO museu do senhor asdrúbal _lpor |
| 245 | 1 | 0 | _aO museu do senhor asdrúbal |
| 300 | _a47 | ||
| 362 | 0 | _a1999 | |
| 440 | 1 | _aFTD | |
| 650 | 4 | _aLiteratura infanto-juvenil | |
| 942 | _cBK | ||
| 999 |
_c70674 _d70674 |
||